Linear multivariable control theory (Record no. 12414)

000 -LEADER
fixed length control field 00538nam a22002057a 4500
001 - CONTROL NUMBER
control field 12414
003 - CONTROL NUMBER IDENTIFIER
control field BD-DhUET
008 - FIXED-LENGTH DATA ELEMENTS--GENERAL INFORMATION
fixed length control field 150225s1981 ii a|||| |||| 001 0 eng d
020 ## - INTERNATIONAL STANDARD BOOK NUMBER
International Standard Book Number 0074515128
040 ## - CATALOGING SOURCE
Transcribing agency 0
Modifying agency BD-DhUET
082 ## - DEWEY DECIMAL CLASSIFICATION NUMBER
Classification number 629.432
Item number APT/1981
100 ## - MAIN ENTRY--PERSONAL NAME
Personal name Apte Y. S.
245 ## - TITLE STATEMENT
Title Linear multivariable control theory
250 ## - EDITION STATEMENT
Edition statement 1st ed.
260 ## - PUBLICATION, DISTRIBUTION, ETC. (IMPRINT)
Place of publication, distribution, etc. New Delhi
Name of publisher, distributor, etc. Tata McGraw-Hill
Date of publication, distribution, etc. 1981
300 ## - PHYSICAL DESCRIPTION
Extent xii, 164 p.
Other physical details ill.
Dimensions 25 cm.
504 ## - BIBLIOGRAPHY, ETC. NOTE
Bibliography, etc Includes bibliographies
650 #0 - SUBJECT ADDED ENTRY--TOPICAL TERM
Topical term or geographic name as entry element Multivariable control theory
942 ## - ADDED ENTRY ELEMENTS (KOHA)
Koha item type General Book
Holdings
Koha date last seen Not for loan Source of classification or shelving scheme Piece designation (barcode) Sublocation or collection (holding branch) Koha full call number Withdrawn status Lost status Price effective from Damaged status Koha normalized classification for sorting Copy number Koha item type Shelving location Location (home branch) Date acquired
2015-02-25  58424Central Library, BUET629.432/APT/1981  2015-02-25 629_432000000000000_APT_19811General BookCirculation sectionCentral Library, BUET2015-02-25
2015-02-25  58428Central Library, BUET629.432/APT/1981  2015-02-25 629_432000000000000_APT_19812General BookCataloging sectionCentral Library, BUET2015-02-25
2015-02-25  58427Central Library, BUET629.432/APT/1981  2015-02-25 629_432000000000000_APT_19813General BookCirculation sectionCentral Library, BUET2015-02-25
2015-02-25  58426Central Library, BUET629.432/APT/1981  2015-02-25 629_432000000000000_APT_19814General BookCirculation sectionCentral Library, BUET2015-02-25
2015-02-25  58425Central Library, BUET629.432/APT/1981  2015-02-25 629_432000000000000_APT_19815General BookCirculation sectionCentral Library, BUET2015-02-25
2015-02-25  58422Central Library, BUET629.432/APT/1981  2015-02-25 629_432000000000000_APT_19816General BookCirculation sectionCentral Library, BUET2015-02-25
2015-02-25  58423Central Library, BUET629.432/APT/1981  2015-02-25 629_432000000000000_APT_19817General BookCirculation sectionCentral Library, BUET2015-02-25
2015-05-07   58420Central Library, BUET629.432/APT/1981  2015-05-07 629_432000000000000_APT_19818General BookCirculation sectionCentral Library, BUET2015-05-07